| 000 | 01072nam a2200241 a 4500 | ||
|---|---|---|---|
| 003 | AM-YEHGA | ||
| 005 | 20260123115050.0 | ||
| 008 | 071217s2008 ai r 000|0 arm d | ||
| 020 | _a978-99941-67-70-8 | ||
| 040 | _aAM-YEHGA | ||
| 041 | 0 | _aarm | |
| 100 | 1 |
_aԿարապետյան, Լյուդվիգ Հովակի, _d1939-2025 _91832 |
|
| 245 | 1 | 0 |
_aՄենախոսություն... Հողի, մարդու և աշխարհի հետ : _bԼիպարիտ Սարգսյան. Ստեղծագործական դիմանկարի էսքիզներ / _cԼ. Կարապետյան. |
| 260 |
_aԵրևան : _bՎան Արյան, _c2008. |
||
| 300 |
_a148 էջ ; _c20 սմ. |
||
| 600 | 1 | 4 |
_aՍարգսյան, Լիպարիտ Տիգրանի, _d1938-2023 _91060 |
| 650 | 1 | 4 |
_aՀայ գրականագիտություն _94862 |
| 650 | z |
_aАрмянская литература _xПереводы на русский язык |
|
| 653 | 0 | _aՄենախոսություն | |
| 653 | 0 | _aՀայ գրողների կյանքն ու գործունեությունը | |
| 942 |
_2udc _cBK |
||
| 001 | 486864 | ||
| 999 |
_c539368 _d539368 |
||